K možnostiam využitia matematických modelov na slovenskom kapitálovom trhu

Využitie matematických modelov na slovenskom kapitálovom trhu. Výpočet výnosu portfólia. Oceňovanie individuálnych cenných papierov. Model oceňovania opcií. Deriváty.

Gespeichert in:
Bibliographische Detailangaben
1. Verfasser: Peller, František
Weitere Verfasser: Pinda, Ľudovít, 1958-, Šáner, Viliam
Format: Buchkapitel
Sprache:Slowakisch
Schlagworte:
Tags: Tag hinzufügen
Keine Tags, Fügen Sie das erste Tag hinzu!

MARC

LEADER 00000naa a2200000 4500
001 r027152
005 20230918075019.3
041 0 |a slo 
044 |a SK 
245 1 0 |a K možnostiam využitia matematických modelov na slovenskom kapitálovom trhu  |c František Peller, Ľudovít Pinda, Viliam Šáner 
520 |a Využitie matematických modelov na slovenskom kapitálovom trhu. Výpočet výnosu portfólia. Oceňovanie individuálnych cenných papierov. Model oceňovania opcií. Deriváty. 
610 2 0 |a modely matematické 
610 2 0 |a trh kapitálový 
610 2 0 |a vzorce 
610 2 0 |a opcie 
610 2 0 |a oceňovanie 
610 2 0 |a papiere cenné 
610 2 0 |a portfólio 
610 2 0 |a deriváty 
100 1 |a Peller, František 
700 1 |a Pinda, Ľudovít, 1958- 
700 1 |a Šáner, Viliam